| 000 | 00559nam a2200241 a 4500 | ||
|---|---|---|---|
| 001 | nice12345678 | ||
| 003 | IN_TiNIC | ||
| 005 | 20260116011910.0 | ||
| 008 | 050524s0000 newa grp 000 0 urd | ||
| 020 |
_a _c1 |
||
| 082 | 0 | 0 |
_a891.4393 _bPRE |
| 100 | _aPremchan, | ||
| 245 | _aWardaat | ||
| 260 |
_aNew Delhi _bMaktaba Jamia _c0000 |
||
| 300 | _a199p | ||
| 500 | _aincludes index and biblioraphy | ||
| 505 | 2 | _aAppendix, Bibliography | |
| 650 | _aUrdu-Literature | ||
| 700 | 1 | _aPremchan, | |
| 902 | _bSRS | ||
| 942 | _cBK | ||
| 999 |
_c4804 _d4804 |
||